Parki narodowe w Polsce do opisu - klikanie - Statystyki

Ogólne statystyki
  • Ten quiz został rozwiązany 210 razy
  • Średni wynik to 15 z 23
Statystyki odpowiedzi
Hint Odpowiedź % Poprawnych
Znajdują się w nim najbardziej rozpoznawalne wydmy w Polsce Słowiński PN
86%
Jedyny w Europie park narodowy, który graniczy bezpośrednio ze stolicą państwa Kampinoski PN
84%
Znany z siedlisk ptaków, położony nad ujściem 3 największej polskiej rzeki PN ,,Ujście Warty"
84%
W jego bezpośrednim sąsiedztwie znajduje się Zakopane Tatrzański PN
84%
Ostoja dzikiego żubra, jeden z najstarszych parków narodowych w Polsce Białowieski PN
83%
W południowym rejonie woj. pomorskiego, chroni lasy PN ,,Bory Tucholskie"
79%
Największy pod względem powierzchni Biebrzański PN
74%
W jego logo znajduje się m.in. góra Śnieżka Karkonoski PN
74%
Najdalej na południe wysunięty park narodowy w Polsce Bieszczadzki PN
71%
Najmniejszy powierzchniowo park narodowy w Polsce Ojcowski PN
71%
Na jego terenie znajdują się m.in. Szczeliniec Wielki i Skalne Grzyby PN Gór Stołowych
71%
Na jego terenie znajduje się m.in. Łysica Świętokrzyski PN
67%
W środkowo-wschodniej części woj. lubelskiego, chroni łąki, lasy i torfowiska Poleski PN
64%
Znany z występowania bobrów, nazwa pochodzi od jeziora Wigierski PN
64%
Znany jest z najwyższego klifu w Polsce Woliński PN
63%
W jego logo znajduje się salamandra plamista, w południowej części woj. małopolskiego Gorczański PN
60%
Położony nad 5 najdłuższą rzeką Polski, w woj. podlaskim Narwiański PN
58%
Park narodowy na granicy woj. podkarpackiego i małopolskiego Magurski PN
56%
W jego logo znajduje się konik polski, w sąsiedztwie znajduje się Szczebrzeszyn Roztoczański PN
55%
W jego logo występuje sowa, znajduje się w sąsiedztwie dużego miasta Wielkopolski PN
55%
Najstarszy park narodowy w Polsce, znany z malowniczych, górskich krajobrazów Pieniński PN
52%
Jeden z dwóch PN w woj. zachodniopomorskim, chroni część Pojezierza Pomorskiego Drawieński PN
47%
Jeden z najmniejszych parków narodowych, znajduje się w Beskidzie Żywieckim Babiogórski PN
43%
Nie znaleziono quizów pasujących do podanych kryteriów
Rozkład punktacji
Procent ludzi z każdym wynikiem
Percentyl według liczby udzielonych odpowiedzi
Twoja historia wyników
Nie rozwiązałeś tego quizu